| 000 | 00934nam a22002417a 4500 | ||
|---|---|---|---|
| 003 | URS | ||
| 005 | 20260212085259.0 | ||
| 008 | 260212b |||||||| |||| 00| 0 eng d | ||
| 020 | _a9786214093175 | ||
| 040 |
_aDLC _beng _cDLC _dURS _erda |
||
| 050 |
_aLB 2370 _b.M842 2025 |
||
| 100 | _aMortera, Melvin Orio | ||
| 245 |
_aPantulong sa kontekstwalisadong komunikasyon sa kalakarang new normal: _bkursong Filipino sa kolehiyo sa pangkalahatang edukasyon/ _cMervin Orio Mortera.- |
||
| 264 |
_aQuezon City: _bBooks atbp.publishing corporation, _cc2025. |
||
| 300 |
_axvi, _b170 pages: illustration; _c23 centimeters |
||
| 336 |
_2rdacontent _atext _btxt |
||
| 337 |
_2rdamedia _aunmediated _bn |
||
| 338 |
_2rdamedia _avolume _bnc |
||
| 504 | _aincludes references. | ||
| 650 | _2Filipino language- study and teaching | ||
| 650 | _2Communication- study and teaching- Philippines | ||
| 942 |
_2lcc _cF _hLB 2370 _i.M842 2025 |
||
| 999 |
_c89236 _d89233 |
||